000 00577nam a22001577a 4500
005 20160503105002.0
008 160420b xxu||||| |||| 00| 0 eng d
050 _aBX1939.P4034
100 _aOgbuagu, Chidiebere Evaristus
_923985
245 _aThe relevance and application of due process to canonical penal trails
_ba systematic and pastoral study
_cby Ogbuagu, Chidiebere Evaristus
260 _aRome
_bPontificia Universitas Urbaniana
_c2007
300 _axiii, 284p.;
_c24cm.
500 _aThesis
650 _aPanel code
_xCanon Law
_923986
942 _2lcc
_cMONOGRAPH
999 _c124666
_d124666